| 000 | 00602cam a22001691 4500 | ||
|---|---|---|---|
| 082 |
_a003 _bSAS _cl-1;P-40 |
||
| 100 | 1 |
_aSasieni, Maurice. _936470 |
|
| 245 | 1 | 0 |
_aOperations research--methods and problems _c[by] Maurice Sasieni, Arthur Yaspan [and] Lawrence Friedman. |
| 260 |
_aNew York, _bWiley _c[1959] |
||
| 300 |
_axi, 316 p. _billus. _c24 cm. |
||
| 526 |
_a0 _b0 _c0 _d003_000000000000000_SAS |
||
| 650 | 0 |
_aIndustrial management _xMathematical models. _936471 |
|
| 650 | 0 |
_aOperations research. _97262 |
|
| 700 | 1 |
_aFriedman, Lawrence, _936472 |
|
| 700 | 1 |
_aYaspan, Arthur, _936473 |
|
| 942 |
_2ddc _cBK |
||
| 999 |
_c541528 _d541528 |
||